000 00539nab a2200193 4500
999 _c371453
_d371453
001 239499
003 OSt
005 20220223130048.0
007 tu
008 180529s2018|||||||
040 _aDE-2950
_cDE-2950
245 0 5 _aAugen der Doppelstadt.
_bSozialer Zusammenhalt in der Doppelstadt/
_cMonika Linde ; Lothar Ruhlig ; Maciej Rokita
264 _c2021
653 _aFrankfurt (Oder)
653 _aLeonhardt, Monika
653 _aKunstprojekt
773 0 _g22/ 2. Halbjahr 2021, S. 20-21: Fotos
_tWir im Quartier
942 _2z
_cA